000 01506cam a2200373 i 4500
001 29457
003 Mx-PuUPA
005 20250328115650.0
008 140415s2001 sp ao gr 001 0 spa d
020 _a3829088698
040 _cMx-PuUPA
_aMx-PuUPA
_bspa
_dMx-PuUPA
_erda
041 0 _aspa
100 1 _aCheviakoff, Sofía,
_eautor
_916126
245 1 3 _aMinimalismo :
_bminimal-mimalism : una reflexión histórica ; Minimalista : moda, diseño y muebles, arquitectura, interiores /
_cSofía Cheviakoff, Aurora Cuito (Epílogo), Pilar Bonet (Minimal-Minimalism. Una reflexión histórica), Pablo Soto (Moda) ; Arco Editorial S.A. Barcelona, autor
246 1 4 _aMinimalismo minimalista
264 1 _aColonia, Alemania :
_bKönemann,
_c©2001
300 _a999 páginas :
_bilustraciones, fotografías (a color) ;
_c19 cm
336 _2rdacontent
_atexto
_btxt
336 _aimagen fija
_bsti
_2rda content
337 _2rdamedia
_asin medio
_bn
338 _2rdacarrier
_avolumen
_bnc
650 7 _2armarc
_aArquitectura moderna
_ySiglo XX
650 7 _2armarc
_aMinimalismo (Arte)
650 7 _2armarc
_aDecoración de interiores
650 7 _2armarc
_aDiseño minimalista
700 1 _aCuito, Aurora,
_dautor
700 1 _aBonet, Pilar,
_dautor
700 1 _aSoto, Pablo,
_dautor
710 2 _aArco Editorial S.A. Barcelona,
_eautor
942 _2ddc
_cLI
_hM66
999 _c29457
_d29457